000 00417pam a2200157a 44500
008 230515b1972 xxu||||| |||| 00| 0 eng d
020 _a81-7154-013-9
041 _aENGL
082 _a306.8 MAN
100 _a"MANDELBAUM D. G.,"
245 _aSOCIETY IN INDIA
250 _a0
260 _aBOMBAY
_bPOPULAR PRAKASHAN
_c1972
300 _aXIV+665+14
650 _a"SOCIOLOGY,SOCIETY,INDIAN SOCIETY S FAMILY,KINSHIP"
999 _c537588
_d537588